| 000 | 00434pab a2200145 454500 | ||
|---|---|---|---|
| 008 | 180718b1987 xxu||||| |||| 00| 0 eng d | ||
| 100 | _aChaturvedi, Anil | ||
| 245 |
_aInter - departmental dynamics _bRelations between four state government departments at the district level |
||
| 260 | _c1987 | ||
| 300 | _aM 9-19 | ||
| 362 | _a28 Feb. | ||
| 650 | _aDistrict Administration | ||
| 773 | _aEconomic and Political Weekly | ||
| 909 | _a7317 | ||
| 999 |
_c7317 _d7317 |
||